<?xml version="1.0" encoding="UTF-8"?>
<record
    xmlns:xsi="http://www.w3.org/2001/XMLSchema-instance"
    xsi:schemaLocation="http://www.loc.gov/MARC21/slim http://www.loc.gov/standards/marcxml/schema/MARC21slim.xsd"
    xmlns="http://www.loc.gov/MARC21/slim">

  <leader>00672nam a22001577a 4500</leader>
  <controlfield tag="003">OSt</controlfield>
  <controlfield tag="005">20150920112225.0</controlfield>
  <controlfield tag="008">150920b        xxu||||| |||| 00| 0 eng d</controlfield>
  <datafield tag="040" ind1=" " ind2=" ">
    <subfield code="c">RUA</subfield>
  </datafield>
  <datafield tag="082" ind1=" " ind2=" ">
    <subfield code="a">AGR PHE 2008 B038 Or.1</subfield>
  </datafield>
  <datafield tag="100" ind1=" " ind2=" ">
    <subfield code="9">927</subfield>
    <subfield code="a">PHENG, VIYOURA. </subfield>
  </datafield>
  <datafield tag="245" ind1=" " ind2=" ">
    <subfield code="a">Comaring varieties of lettuce in dry season at royal university of agriculture &#x1780;&#x17B6;&#x179A;&#x1794;&#x17D2;&#x179A;&#x17C0;&#x1794;&#x1792;&#x17C0;&#x1794;&#x1796;&#x17BC;&#x1787;&#x178A;&#x17C6;&#x178E;&#x17B6;&#x17C6;&#x179F;&#x17B6;&#x179B;&#x17B6;&#x178A; &#x1780;&#x17D2;&#x1793;&#x17BB;&#x1784;&#x179B;&#x1780;&#x17D2;&#x1781;&#x1781;&#x178E;&#x17D2;&#x178C;&#x179A;&#x178A;&#x17BC;&#x179C;&#x1794;&#x17D2;&#x179A;&#x17B6;&#x17C6;&#x1784; &#x1793;&#x17C5;&#x179F;&#x17B6;&#x1780;&#x179B;&#x179C;&#x17B7;&#x1791;&#x17D2;&#x1799;&#x17B6;&#x179B;&#x17D0;&#x1799;&#x1797;&#x17BC;&#x1798;&#x17B7;&#x1793;&#x17D2;&#x1791;&#x1780;&#x179F;&#x17B7;&#x1780;&#x1798;&#x17D2;&#x1798;</subfield>
  </datafield>
  <datafield tag="260" ind1=" " ind2=" ">
    <subfield code="a">Phnom Penh</subfield>
    <subfield code="b">RUA</subfield>
    <subfield code="c">2008</subfield>
  </datafield>
  <datafield tag="300" ind1=" " ind2=" ">
    <subfield code="a">x; 48p.</subfield>
    <subfield code="b">ill.</subfield>
    <subfield code="c">29cm.</subfield>
  </datafield>
  <datafield tag="942" ind1=" " ind2=" ">
    <subfield code="2">ddc</subfield>
    <subfield code="c">AGR</subfield>
  </datafield>
  <datafield tag="999" ind1=" " ind2=" ">
    <subfield code="c">894</subfield>
    <subfield code="d">894</subfield>
  </datafield>
  <datafield tag="952" ind1=" " ind2=" ">
    <subfield code="0">0</subfield>
    <subfield code="1">0</subfield>
    <subfield code="2">ddc</subfield>
    <subfield code="4">0</subfield>
    <subfield code="6">AGR_PHE_2008_000000000000000_B038_OR_1</subfield>
    <subfield code="7">0</subfield>
    <subfield code="9">3623</subfield>
    <subfield code="a">LBB</subfield>
    <subfield code="b">LBB</subfield>
    <subfield code="c">B038</subfield>
    <subfield code="d">2015-09-20</subfield>
    <subfield code="l">3</subfield>
    <subfield code="o">AGR PHE 2008 B038 Or.1</subfield>
    <subfield code="p">RUA000980</subfield>
    <subfield code="r">2022-02-15</subfield>
    <subfield code="s">2022-01-28</subfield>
    <subfield code="w">2015-09-20</subfield>
    <subfield code="y">AGR</subfield>
  </datafield>
  <datafield tag="952" ind1=" " ind2=" ">
    <subfield code="0">0</subfield>
    <subfield code="1">0</subfield>
    <subfield code="2">ddc</subfield>
    <subfield code="4">0</subfield>
    <subfield code="6">AGR_PHE_2008_000000000000000_B038_OR_2</subfield>
    <subfield code="7">0</subfield>
    <subfield code="9">3624</subfield>
    <subfield code="a">LBB</subfield>
    <subfield code="b">LBB</subfield>
    <subfield code="c">B038</subfield>
    <subfield code="d">2015-09-20</subfield>
    <subfield code="l">6</subfield>
    <subfield code="o">AGR PHE 2008 B038 Or.2</subfield>
    <subfield code="p">RUA000993</subfield>
    <subfield code="r">2023-04-24</subfield>
    <subfield code="s">2023-03-14</subfield>
    <subfield code="w">2015-09-20</subfield>
    <subfield code="y">AGR</subfield>
  </datafield>
  <datafield tag="952" ind1=" " ind2=" ">
    <subfield code="0">0</subfield>
    <subfield code="1">0</subfield>
    <subfield code="2">ddc</subfield>
    <subfield code="4">0</subfield>
    <subfield code="6">AGR_PHE_2008_000000000000000_B038_OR_3</subfield>
    <subfield code="7">0</subfield>
    <subfield code="9">3625</subfield>
    <subfield code="a">LBB</subfield>
    <subfield code="b">LBB</subfield>
    <subfield code="c">B038</subfield>
    <subfield code="d">2015-09-20</subfield>
    <subfield code="l">5</subfield>
    <subfield code="o">AGR PHE 2008 B038 Or.3</subfield>
    <subfield code="p">RUA000919</subfield>
    <subfield code="r">2024-05-07</subfield>
    <subfield code="s">2023-12-12</subfield>
    <subfield code="w">2015-09-20</subfield>
    <subfield code="y">AGR</subfield>
  </datafield>
  <datafield tag="952" ind1=" " ind2=" ">
    <subfield code="0">0</subfield>
    <subfield code="1">0</subfield>
    <subfield code="2">ddc</subfield>
    <subfield code="4">0</subfield>
    <subfield code="6">AGR_PHE_2008_000000000000000_B038_OR_4</subfield>
    <subfield code="7">0</subfield>
    <subfield code="9">3626</subfield>
    <subfield code="a">LBB</subfield>
    <subfield code="b">LBB</subfield>
    <subfield code="c">B038</subfield>
    <subfield code="d">2015-09-20</subfield>
    <subfield code="l">6</subfield>
    <subfield code="m">1</subfield>
    <subfield code="o">AGR PHE 2008 B038 Or.4</subfield>
    <subfield code="p">RUA000988</subfield>
    <subfield code="r">2019-12-02</subfield>
    <subfield code="s">2019-11-05</subfield>
    <subfield code="w">2015-09-20</subfield>
    <subfield code="y">AGR</subfield>
  </datafield>
  <datafield tag="952" ind1=" " ind2=" ">
    <subfield code="0">0</subfield>
    <subfield code="1">0</subfield>
    <subfield code="2">ddc</subfield>
    <subfield code="4">0</subfield>
    <subfield code="6">AGR_PHE_2008_000000000000000_B038_OR_5</subfield>
    <subfield code="7">0</subfield>
    <subfield code="9">3627</subfield>
    <subfield code="a">LBB</subfield>
    <subfield code="b">LBB</subfield>
    <subfield code="c">B038</subfield>
    <subfield code="d">2015-09-20</subfield>
    <subfield code="l">7</subfield>
    <subfield code="m">2</subfield>
    <subfield code="o">AGR PHE 2008 B038 Or.5</subfield>
    <subfield code="p">RUA000927</subfield>
    <subfield code="r">2023-12-25</subfield>
    <subfield code="s">2023-10-18</subfield>
    <subfield code="w">2015-09-20</subfield>
    <subfield code="y">AGR</subfield>
  </datafield>
</record>
